[Event "Plunge op 35th"]
[Site "Plateliai"]
[Date "2015.07.26"]
[Round "9"]
[White "Plaipa, Antanas"]
[Black "Bursteinas, Josifas"]
[Result "0-1"]
[WhiteElo "1612"]
[BlackElo "2110"]
[PlyCount "76"]
[EventDate "2015.07.20"]
[EventType "swiss"]
[EventRounds "9"]
[EventCountry "LTU"]
[SourceTitle "EXT 2018"]
[Source "ChessBase"]
[SourceDate "2017.10.13"]
[SourceVersion "1"]
[SourceVersionDate "2017.10.13"]
[SourceQuality "1"]

1. Nf3 c5 2. e3 Nc6 3. c4 g6 4. Nc3 Bg7 5. d4 cxd4 6. exd4 d6 7. Be2 Bg4 8. Be3 Nf6 9. 0-0 0-0 10. h3 Bf5 11. Rc1 d5 12. c5 Ne4 13. Nh4 Be6 14. a3 a5 15. Nb5 f5 16. Bf4 Bf7 17. Bc7 Qd7 18. Bb6 g5 19. Nf3 g4 20. Nh4 Bf6 21. g3 gxh3 22. Kh2 Kh8 23. f4 Rg8 24. Rg1 Bxh4 25. gxh4 Rxg1 26. Qxg1 Rg8 27. Qe3 Rg2+ 28. Kxh3 Rg3+ 29. Qxg3 Nxg3 30. Kxg3 Qe6 31. Kf2 Qe4 32. Bc7 e5 33. Bxe5+ Nxe5 34. fxe5 Qf4+ 35. Bf3 Qxc1 36. b4 Qd2+ 37. Kg3 h5 38. Bg2 f4+ 0-1

[Event "Plunge op 31st"]
[Site "Plunge"]
[Date "2011.07.24"]
[Round "9"]
[White "Vaitonis, Vytautas"]
[Black "Bursteinas, Josifas"]
[Result "1/2-1/2"]
[WhiteElo "2013"]
[BlackElo "2129"]
[PlyCount "20"]
[EventDate "2011.07.19"]
[EventType "swiss"]
[EventRounds "9"]
[EventCountry "LTU"]
[SourceTitle "EXT 2012"]
[Source "ChessBase"]
[SourceDate "2011.11.24"]
[SourceVersion "1"]
[SourceVersionDate "2011.11.24"]
[SourceQuality "1"]

1. e4 e6 2. d4 d5 3. Nd2 dxe4 4. Nxe4 Nd7 5. Nf3 Ngf6 6. Nxf6+ Nxf6 7. Bg5 Be7 8. Bd3 h6 9. Bxf6 Bxf6 10. c3 0-0 1/2-1/2

[Event "Plunge op 31st"]
[Site "Plunge"]
[Date "2011.07.23"]
[Round "7"]
[White "Beinoras, Mindaugas"]
[Black "Bursteinas, Josifas"]
[Result "1-0"]
[WhiteElo "2331"]
[BlackElo "2129"]
[PlyCount "58"]
[EventDate "2011.07.19"]
[EventType "swiss"]
[EventRounds "9"]
[EventCountry "LTU"]
[SourceTitle "EXT 2012"]
[Source "ChessBase"]
[SourceDate "2011.11.24"]
[SourceVersion "1"]
[SourceVersionDate "2011.11.24"]
[SourceQuality "1"]

1. Nf3 Nf6 2. d4 g6 3. c4 c5 4. d5 b5 5. Qc2 d6 6. e4 Bg7 7. cxb5 a6 8. Nc3 0-0 9. Be2 axb5 10. Nxb5 Ba6 11. 0-0 Bxb5 12. Bxb5 Qb6 13. a4 Na6 14. Bd2 e6 15. dxe6 fxe6 16. e5 Nd5 17. Ng5 Ndb4 18. Qb3 Nc7 19. Nxe6 Nxe6 20. Qxe6+ Kh8 21. Rad1 Bxe5 22. Bc3 Rf6 23. Bxe5 dxe5 24. Qxe5 Raf8 25. Rc1 c4 26. Bxc4 Nc6 27. Qc3 Nd4 28. Rcd1 Nf5 29. a5 Qa7 1-0

[Event "Plunge op 31st"]
[Site "Plunge"]
[Date "2011.07.20"]
[Round "3"]
[White "Sabaliauskas, Laimonas"]
[Black "Bursteinas, Josifas"]
[Result "1/2-1/2"]
[WhiteElo "1937"]
[BlackElo "2129"]
[PlyCount "48"]
[EventDate "2011.07.19"]
[EventType "swiss"]
[EventRounds "9"]
[EventCountry "LTU"]
[SourceTitle "EXT 2012"]
[Source "ChessBase"]
[SourceDate "2011.11.24"]
[SourceVersion "1"]
[SourceVersionDate "2011.11.24"]
[SourceQuality "1"]

1. d4 Nf6 2. c4 c5 3. d5 e5 4. Bg5 d6 5. Nc3 Be7 6. e3 0-0 7. Bxf6 Bxf6 8. Bd3 a6 9. Nge2 g6 10. Qd2 Bg7 11. e4 Nd7 12. Ng3 Qh4 13. 0-0 Nf6 14. Be2 Bh6 15. Qd3 Ne8 16. Na4 Bg4 17. Bxg4 Qxg4 18. Qe2 Qxe2 19. Nxe2 b5 20. cxb5 axb5 21. Nb6 Ra7 22. a4 bxa4 23. Rxa4 Rxa4 24. Nxa4 Nc7 1/2-1/2

[Event "Plunge op"]
[Site "Plateliai"]
[Date "2001.??.??"]
[Round "?"]
[White "Bursteinas, Josifas"]
[Black "Sarakauskas, Gediminas"]
[Result "0-1"]
[WhiteElo "2144"]
[BlackElo "2408"]
[PlyCount "109"]
[EventDate "2001.07.??"]
[EventType "swiss"]
[EventRounds "9"]
[EventCountry "LTU"]
[SourceTitle "EXT 2005"]
[Source "ChessBase"]
[SourceDate "2004.11.15"]
[SourceVersion "1"]
[SourceVersionDate "2004.11.15"]
[SourceQuality "1"]

1. c4 e5 2. Nc3 Nf6 3. g3 Bb4 4. Bg2 0-0 5. Nd5 Bc5 6. e3 Nxd5 7. cxd5 d6 8. Ne2 Bg4 9. h3 Bh5 10. g4 Bg6 11. e4 Qh4 12. 0-0 h5 13. d4 exd4 14. Nxd4 hxg4 15. hxg4 Bxd4 16. Qxd4 Qxg4 17. f3 Qh4 18. Bd2 c5 19. dxc6 Nxc6 20. Qxd6 Rad8 21. Qf4 Qxf4 22. Bxf4 f5 23. Bg5 Rd4 24. Rfd1 fxe4 25. Rxd4 Nxd4 26. fxe4 Nf3+ 27. Bxf3 Rxf3 28. Bd2 Bxe4 29. Re1 Rg3+ 30. Kf1 Rg4 31. Bc3 Kf7 32. Kf2 Bd5 33. Rg1 Rxg1 34. Kxg1 Bxa2 35. Kf2 g5 36. Bd4 a6 37. Bb6 Ke6 38. Bd8 g4 39. Bc7 Kd5 40. Ke3 Kc6 41. Be5 Kc5 42. Bc7 Bd5 43. Kd3 Kb4 44. Be5 Kb3 45. Kd2 a5 46. Kc1 a4 47. Bd6 b5 48. Be5 Be4 49. Kd2 b4 50. Ke3 Bf3 51. Kd2 a3 52. bxa3 bxa3 53. Kd3 a2 54. Kd2 g3 55. Ke3 0-1

[Event "Plunge op"]
[Site "Plateliai"]
[Date "2001.??.??"]
[Round "?"]
[White "Gorbatov, Alexej"]
[Black "Bursteinas, Josifas"]
[Result "1/2-1/2"]
[WhiteElo "2404"]
[BlackElo "2144"]
[PlyCount "56"]
[EventDate "2001.07.??"]
[EventType "swiss"]
[EventRounds "9"]
[EventCountry "LTU"]
[SourceTitle "EXT 2005"]
[Source "ChessBase"]
[SourceDate "2004.11.15"]
[SourceVersion "1"]
[SourceVersionDate "2004.11.15"]
[SourceQuality "1"]

1. d4 Nf6 2. c4 c5 3. Nf3 g6 4. Nc3 cxd4 5. Nxd4 Bg7 6. e4 0-0 7. Be2 Nc6 8. Be3 a6 9. 0-0 d6 10. Nb3 b6 11. f3 Rb8 12. Qd2 Be6 13. Rac1 Na5 14. Nxa5 bxa5 15. b3 Nd7 16. Na4 Nc5 17. Nxc5 dxc5 18. Rfd1 Qb6 19. Qe1 Rfc8 20. Qf2 Qc6 21. Bd3 a4 22. Bc2 axb3 23. axb3 a5 24. Bf4 Rb4 25. e5 a4 26. Qe3 axb3 27. Bxb3 Rcb8 28. Ba2 f5 1/2-1/2